La United Fruit Company y las huelgas bananeras /
Papel del derecho en la solución de conflictos laborales, la United Fruit Company y el derecho laboral costarricense. Estudia el origen la United Fruit en Costa Rica, los contratos y su relación con el gobierno analiza las condiciones de vida de los trabajadores del banano y el surgimiento del sindi...
محفوظ في:
| المؤلف الرئيسي: | |
|---|---|
| التنسيق: | أطروحة |
| منشور في: |
San José:
Universidad de Costa Rica
|
| الموضوعات: | |
| الوسوم: |
إضافة وسم
لا توجد وسوم, كن أول من يضع وسما على هذه التسجيلة!
|
MARC
| LEADER | 00000 a a2200000 04500 | ||
|---|---|---|---|
| 001 | 20146 | ||
| 003 | |||
| 040 | |a CRAI/IIS |c CRAI/IIS | ||
| 090 | |a 08303.00 | ||
| 100 | |a Fournier Facio, Arturo | ||
| 245 | |a La United Fruit Company y las huelgas bananeras / |c Arturo Fournier Facio | ||
| 260 | |a San José: |b Universidad de Costa Rica | ||
| 300 | |a 247 páginas | ||
| 502 | |a Tesis (Licenciado en Derecho) -- Universidad de Costa Rica. Facultad de Derecho, 1974 | ||
| 520 | |a Papel del derecho en la solución de conflictos laborales, la United Fruit Company y el derecho laboral costarricense. Estudia el origen la United Fruit en Costa Rica, los contratos y su relación con el gobierno analiza las condiciones de vida de los trabajadores del banano y el surgimiento del sindicalismo en esa actividad económica. A partir de un marco referencial previo, investiga el origen, desarrollo, las instancias jurídicas y la solución dada a cinco grandes huelgas bananeras./ACM | ||
| 650 | |a BANANOS | ||
| 650 | |a DERECHO LABORAL | ||
| 650 | |a TRABAJADORES | ||
| 650 | |a HUELGAS | ||
| 650 | |a SINDICATOS | ||
| 999 | |c 17948 |d 17948 | ||
